00549nam a2200193 a 4500001001300000003000900013005001700022008004100039020001000080082001500090100002000105245007800125260003600203300000900239500003500248505003400283650001800317700002000335nice12345678IN_TiNIC20260116013725.0050524s1997 newa grp 000 0 eng  ac50000a954.2bMOH aMohan, Surendra aAwadh Under the Nawabsb Politics, Culture & Communal Relations 1722-1856 aNew Delhi bManohar Pub. c1997 a242p aincludes index and biblioraphy2 aGlossary, Bibliography, Index aAwadh-History1 aMohan, Surendra